000 00531nam a2200157 4500
008 161014b xxu||||| |||| 00| 0 eng d
022 _a0893-8989
082 _aDPer 363.205 P75 Aug 2014- Apr 2015 v. 38-39
100 _916245
_aGeorge, A.J.
245 _aOakley slight assault boots/
_cA.J. George.
260 _aCalifornia:
_bBobit Business Media,
_cc2014-2015.
300 _av39 n4, pages 68-69;
_c28 cm.
500 _aPolice: The Law Enforcement Magazine.
650 0 _916246
_aFootwear
_xLaw enforcement
942 _2ddc
_cPER
999 _c5241
_d5241